000 00352nam a2200157 a 4500
082 0 0 _a297.93
_bMIL
100 _aMiller, W M
245 _aBahai Cause Today
260 _aNew York
_bMuslim World
_c1940
300 _a26p
500 _aincludes index and biblioraphy
505 2 _aindex
650 _aBahai Faith
700 1 _aMiller, W M
942 _cBK
999 _c1129
_d1129